000 00272nam a2200109Ia 4500
008 200302s9999 xx 000 0 und d
100 _aJill Entwistle
245 _aDesigning with Light Bars and Restaurants
260 _bRoto Vision S A
260 _c1999
300 _a160 P.,
999 _c2114
_d2114